Anne of Green Gables Characters Quiz Stats

 Plays Quiz not verified by Sporcle

Also try: Russian Literature
Challenge
Share
Tweet
Embed
Score 0/11 Timer 03:00
0 Plays Today
% Correct
Anne Shirley
97.7%
Gilbert Blythe
89.5%
Marilla Cuthbert
88.8%
Matthew Cuthbert
88.4%
Diana Barry
79.5%
Rachel Lynde
59.1%
Josie Pye
52.6%
Ruby Gillis
45.1%
Miss Stacey
28.8%
Mrs. Allen
13.9%
Mr. Phililps
1.7%

You're not logged in!

Compare scores with friends on all Sporcle quizzes.
Join for Free
OR
Log In

You Might Also Like...

Show Comments

Extras

Top Quizzes Today


Score Distribution

Your Account Isn't Verified!

In order to create a playlist on Sporcle, you need to verify the email address you used during registration. Go to your Sporcle Settings to finish the process.

Report this User

Report this user for behavior that violates our Community Guidelines.

Details: